Statistics for Let Down by Radiohead Lyrics

Click here to take the quiz!

General Stats

  • This quiz has been taken 87 times
  • The average score is 137 of 170

Answer Stats

% Correct
down
100%
Let
100%
A
99%
a
99%
I
99%
And
97%
and
97%
in
93%
The
93%
the
93%
bug
91%
hanging
91%
like
91%
around
90%
ground
87%
Crushed
85%
reaction
81%
chemical
79%
Motorways
79%
You
79%
(You
79%
you
79%
am
78%
wings
78%
Wings
78%
One
76%
when
76%
are)
75%
are
75%
grow
75%
Transport
75%
useless
75%
day
74%
feelings
74%
Hysterical
74%
it
74%
It
74%
of
74%
stopping
74%
then
74%
tramlines
74%
gonna
72%
know,
72%
know
72%
people
72%
Starting
72%
where
72%
Disappointed
71%
so
69%
Taking
68%
comes
66%
off
66%
Clinging
65%
disappointing
65%
emptiest
65%
it's
65%
Don't
63%
get
63%
bottles
62%
landing
62%
onto
62%
collapsing,
59%
up
59%
Floor
57%
sentimental
57%
flowing
56%
smashed,
56%
with
56%
always
54%
back
54%
going
54%
juices
54%
Shell
54%
Bouncing
53%
ends
53%
drivel
50%
legs
43%
twitch
43%
floating
40%

Score Distribution

Percentile by Number Answered

Percent of People with Each Score

Your Score History

You have not taken this quiz